000 00978nam a22002177a 4500
005 20230828120952.0
010 _aHIN-125677
020 _c190.00
_a9789392080616
035 _aHN-98023
037 _bDBAD/PUB
082 _a230
100 _aअमृत लाल 'गुर्वेन्द्र'
_955384
245 _aमंत्र सुमन /
_cअमृत लाल 'गुर्वेन्द्र' और गायत्री 'गुर्वेन्द्र'
260 _bकिताब महल पब्लिशर्स
_c2023
_aनई दिल्ली
270 _a4655/21 अंसारी रोड ग्राउंड फ्लोर दरियागंज
_bनई दिल्ली
_e110002
300 _a133 पृ.
_c22 सेमी(अजिल्द )
650 _x
_z
_955385
650 _v
_955386
700 _a गायत्री
_955383
942 _2ddc
_cHN
_h230
_mअमृत लाल
999 _c197577
_d197577